[Event "Carlos Torre Memorial op 16th"]
[Site "Merida"]
[Date "2003.12.12"]
[Round "1"]
[White "Aldama Degurnay, Dionisio"]
[Black "Predescu, Sebastian"]
[Result "1-0"]
[WhiteElo "2141"]
[BlackElo "2196"]
[PlyCount "65"]
[EventDate "2003.12.12"]
[EventType "swiss"]
[EventRounds "9"]
[EventCountry "MEX"]
[SourceTitle "CBM 097 Extra"]
[Source "ChessBase"]
[SourceDate "2004.01.13"]
[SourceVersion "1"]
[SourceVersionDate "2004.01.13"]
[SourceQuality "1"]

1. e4 c5 2. Nf3 d6 3. d4 cxd4 4. Nxd4 Nf6 5. Nc3 a6 6. Bc4 e6 7. Bb3 Nbd7 8. f4 Nc5 9. e5 dxe5 10. fxe5 Nfd7 11. Bf4 b5 12. Qh5 g6 13. Qe2 Bb7 14. 0-0-0 b4 15. Na4 Qc7 16. h4 Nxb3+ 17. axb3 Bg7 18. h5 Bxe5 19. Bxe5 Qxe5 20. Qd2 g5 21. Nxe6 Qxe6 22. Rhe1 Ne5 23. Nc5 Qe7 24. Nxb7 0-0 25. Qd5 Rfe8 26. Nd6 Rad8 27. Rxe5 Qxe5 28. Qxf7+ Kh8 29. Nxe8 Rxe8 30. h6 Qf4+ 31. Qxf4 gxf4 32. Rd4 a5 33. Rxf4 1-0

[Event "Ottawa op"]
[Site "Ottawa"]
[Date "2003.11.02"]
[Round "5"]
[White "Murray, Adam"]
[Black "Predescu, Sebastian"]
[Result "0-1"]
[WhiteElo "1856"]
[BlackElo "2239"]
[PlyCount "108"]
[EventDate "2003.10.31"]
[EventType "swiss"]
[EventRounds "5"]
[EventCountry "CAN"]
[SourceTitle "EXT 2008"]
[Source "ChessBase"]
[SourceDate "2007.11.25"]
[SourceVersion "1"]
[SourceVersionDate "2007.11.25"]
[SourceQuality "1"]

1. e4 c5 2. f4 d5 3. exd5 Nf6 4. Nf3 Nxd5 5. d3 Nc6 6. c4 Nc7 7. Be3 Ne6 8. Nc3 g6 9. Qe2 Bg7 10. g3 0-0 11. Bg2 Ned4 12. Bxd4 Nxd4 13. Nxd4 Bxd4 14. Ne4 Qa5+ 15. Qd2 Qxd2+ 16. Kxd2 Bxb2 17. Nxc5 Bxa1 18. Rxa1 Rb8 19. Rb1 b6 20. d4 Bf5 21. Ne4 Rfd8 22. Ke3 f6 23. Rb3 Bxe4 24. Bxe4 Kf7 25. g4 e6 26. d5 exd5 27. Bxd5+ Ke7 28. Kd4 Kd6 29. Re3 Re8 30. Rh3 Re7 31. Ra3 Rc8 32. f5 Rcc7 33. g5 fxg5 34. f6 Re5 35. f7 Rxd5+ 36. cxd5 Rxf7 37. h3 Rf4+ 38. Ke3 Kxd5 39. Rxa7 Rh4 40. Kf3 Rxh3+ 41. Kg4 Rh2 42. Kxg5 b5 43. a4 b4 44. a5 Kc4 45. a6 Rh5+ 46. Kf4 Ra5 47. Rc7+ Kd3 48. Rb7 Kc3 49. a7 b3 50. Rxh7 b2 51. Rh3+ Kc2 52. Rh2+ Kb3 53. Rh3+ Ka2 54. Rh2 Ka1 0-1